| 000 | 00334nam a2200121Ia 4500 | ||
|---|---|---|---|
| 008 | 250110s9999 xx 000 0 und d | ||
| 041 | _aeng | ||
| 100 | _aWadhavekar Renuka | ||
| 245 | _aRedevelopment Of Market Yard Pune | ||
| 260 |
_bFinal Year B. Arch, BNCA _c2013 |
||
| 300 | _a103p | ||
| 700 |
_aGuide Name:Ghokhale Vasudha _9210116 |
||
| 999 |
_c363308 _d363308 |
||